Microsft SQL server 2000 administration-MCSE readiness review : (Record no. 132908)

MARC details
000 -LEADER
fixed length control field 00846nam a22002657a 4500
003 - CONTROL NUMBER IDENTIFIER
control field 0
005 - DATE AND TIME OF LATEST TRANSACTION
control field 20180801104153.0
008 - FIXED-LENGTH DATA ELEMENTS--GENERAL INFORMATION
fixed length control field 0
010 ## - LIBRARY OF CONGRESS CONTROL NUMBER
LC control number B-062807
020 ## - INTERNATIONAL STANDARD BOOK NUMBER
International Standard Book Number 8120318676
Terms of availability 425.00
035 ## - SYSTEM CONTROL NUMBER
System control number B-062807, B-062808
037 ## - SOURCE OF ACQUISITION
Source of stock number/acquisition Cen Lib/Ret
040 ## - CATALOGING SOURCE
Original cataloging agency DPL
Language of cataloging EN
Transcribing agency 0
082 ## - DEWEY DECIMAL CLASSIFICATION NUMBER
Classification number 005.754
Item number CHA
100 ## - MAIN ENTRY--PERSONAL NAME
Personal name Chaudhry, Irfan
9 (RLIN) 36100
245 ## - TITLE STATEMENT
Title Microsft SQL server 2000 administration-MCSE readiness review :
Statement of responsibility, etc by Irfan Chaudhry [and] Dean Bartholomew
Remainder of title exam 70228 /
260 ## - PUBLICATION, DISTRIBUTION, ETC. (IMPRINT)
Place of publication, distribution, etc New Delhi
Name of publisher, distributor, etc Prentice Hall of India
Date of publication, distribution, etc 2001
270 ## - ADDRESS
Address M-97, connaught circus
City New Delhi
Postal code 110001
300 ## - PHYSICAL DESCRIPTION
Extent xxi, 262p.
Dimensions 23cm(Hb)
500 ## - GENERAL NOTE
General note Includes index and glossary
650 ## - SUBJECT ADDED ENTRY--TOPICAL TERM
Topical term or geographic name as entry element Computer science
9 (RLIN) 36101
650 ## - SUBJECT ADDED ENTRY--TOPICAL TERM
Topical term or geographic name as entry element SQL server
9 (RLIN) 36102
700 ## - ADDED ENTRY--PERSONAL NAME
Personal name Bartholomew, Dean
9 (RLIN) 36103
942 ## - ADDED ENTRY ELEMENTS (KOHA)
Source of classification or shelving scheme Dewey Decimal Classification
Koha item type English Books
Classification part 005.754
Call number suffix CHA
Holdings
Withdrawn status Lost status Damaged status Not for loan Home library Current library Date acquired Source of acquisition Cost, normal purchase price Total Checkouts Full call number Barcode Date last seen Copy number Cost, replacement price Price effective from Koha item type Source of classification or shelving scheme Collection code
        Central Library Central Library 24/07/2015 Cen Lib/Ret 425.00   005.754 CHA B-062807 24/07/2015 1 425.00 24/07/2015 English Books    
        Patel Nagar Patel Nagar 01/08/2018 BPPD/PUB 425.00   005.754 CHA B-062808 01/08/2018   425.00 01/08/2018 English Books Dewey Decimal Classification Non-fiction

© Delhi Public Library
Hit Counter
free hit counter